Noam Chomsky and language descriptions /

Bibliographic Details
Other Authors: Askedal, John Ole, 1942-, Roberts, Ian G., Matsushita, Tomonori
Format: Book
Language:English
Published: Amsterdam ; Philadelphia : John Benjamins Pub. Co., [2010]
Series:Development of the Anglo-Saxon language and linguistic universals ; v. 2.
Subjects:

MARC

Tag First Indicator Second Indicator Subfields
LEADER 00000cam a2200000 a 4500
001 in00002590913
005 20151201151033.0
008 100222s2010 ne a b 001 0 eng
010 |a  2010007272 
020 |a 9789027210692 (alk. paper) 
020 |a 9027210691 (alk. paper) 
035 |a (OCoLC)ocn528665961 
035 |a (OCoLC)528665961 
040 |a DLC  |c DLC  |d YDX  |d YDXCP  |d BWX  |d UtOrBLW 
049 |a TXAM 
050 0 0 |a P85.C47  |b N633 2010 
082 0 0 |a 415/.0182  |2 22 
245 0 0 |a Noam Chomsky and language descriptions /  |c edited by John Ole Askedal, Ian Roberts, Tomonori Matsushita. 
264 1 |a Amsterdam ;  |a Philadelphia :  |b John Benjamins Pub. Co.,  |c [2010] 
264 4 |c ©2010 
300 |a 223 pages :  |b illustrations ;  |c 25 cm. 
336 |a text  |b txt  |2 rdacontent 
337 |a unmediated  |b n  |2 rdamedia 
338 |a volume  |b nc  |2 rdacarrier 
490 1 |a The development of the Anglo-Saxon language and linguistic universals (DASLU);  |v v. 2 
504 |a Includes bibliographical references and indexes. 
505 0 |a Genesis of generative grammar -- Systems of syntactic analysis / Noam Chomsky -- -- Some methodological remarks on generative grammar / Noam Chomsky -- Knowledge of language: its elements and origins / Noam Chomsky -- Current issues in language descriptions -- Germanic passive constructions / John Ole Askedal -- Prosodic constraints on Old English alliteration / Yasuaki Fujiwara -- The historical role of genitives in the emergence of DP / Kazuyo Miyamae -- -- The word pairs in Chaucer's verse in comparison with those in his prose / Akinobu Tani -- A short note on movement and control in the English noun phrase / Junji Hamamatsu -- Coordinating and subordinating conjunctions in spoken American English / Yoko Iyeiri, Michiko Yaguchi and Yasumasa Baba -- Complement capacities in German: three types of complements / Yasuhito Hosaka. 
600 1 0 |a Chomsky, Noam. 
650 0 |a Grammar, Comparative and general. 
650 0 |a Language acquisition. 
700 1 |a Askedal, John Ole,  |d 1942- 
700 1 |a Roberts, Ian G. 
700 1 |a Matsushita, Tomonori. 
830 0 |a Development of the Anglo-Saxon language and linguistic universals ;  |v v. 2. 
938 |a YBP Library Services  |b YANK  |n 3190905 
938 |a Blackwell Book Service  |b BBUS  |n R1846165  |c $143.00 
945 |a PromptCat  |b 987968 
946 |a stk 
947 |a A14840313830 
994 |a 92  |b TXA 
948 |a Cataloged  |b h  |c 2010/6/2  |d c  |e ibarton  |  f 2:12:46 PM 
999 |a MARS 
999 f f |s bdd022a5-eb4e-3545-bfdf-329e35a61435  |i f07664a4-bd91-3c44-9d14-01bf31e98ca6  |t 0 
952 f f |p ric  |a Texas A&M University  |b Rellis Campus  |c Joint Library Facility  |s JLF  |d Remote Storage  |t 0  |e P85.C47 N633 2010  |h Library of Congress classification  |i unmediated -- volume  |m A14840313830 
998 f f |a P85.C47 N633 2010  |t 0  |l Remote Storage